|
|
|
|
| LEADER |
00000cam a2200000 7i4500 |
| 001 |
0000214921 |
| 005 |
20180313.0 |
| 020 |
|
|
|a 9789674442866
|
| 090 |
0 |
0 |
|a JF
|b FAR
|
| 100 |
1 |
|
|a Farehah
|
| 245 |
1 |
0 |
|a Kisah muslimah teladan .
|n buku 1
|c Ustazah Farehah
|
| 260 |
|
|
|a Kuala Lumpur :
|b SAM Synergy Media Sdn. Bhd. ,
|c 20--?
|
| 300 |
|
|
|a 119p. :
|b ill. ;
|c 29cm.
|
| 490 |
0 |
|
|a Siri kisah Al-Quran dan teladan Rasul
|
| 650 |
|
0 |
|a Children's stories
|
| 999 |
|
|
|a 00352545
|b BUKU
|c PINJAMAN
|e PERPUSTAKAAN KOMUNITI PETALING JAYA
|
| 999 |
|
|
|a 00352546
|b BUKU
|c PINJAMAN
|e PERPUSTAKAAN KOMUNITI CAW KOTA DAMANSARA
|
| 999 |
|
|
|a 00352547
|b BUKU
|c PINJAMAN
|e PERPUSTAKAAN KOMUNITI CAW TAMAN MEDAN
|